000 00615nam a2200241Ia 4500
003 OSt
005 20221006144658.0
006 a|||||r|||| 00| 0
007 ta
008 221006b |||||||| |||| 00| 0 eng d
024 _a12,346
037 _cTextual
040 _aEASL
_cEASL
_beng
041 _2eng
_aeng
082 _aV41.N5, K2.1
100 _aCHI-YUN Chang
_9652594
245 0 _aChinese history of fifty centuries.
260 _aTaiwan
_bIACS
_c1962
300 _a458p.
_ccm.
490 _v V.1
942 _hV41.N5, K2.1
_cTEXL
_2CC
999 _c1080432
_d1080432